| 000 | 00578nam a2200133Ia 4500 | ||
|---|---|---|---|
| 008 | 170419s9999 xx 000 0 und d | ||
| 100 | _aDavis, Kelly W. | ||
| 245 | _aComparison of outcomes: Nurse-driven vs. Physician-driven weight-based intravenous heparin protocol | ||
| 245 | _cKelly W. Davis, Margorie A. McMillan, Jennifer Perkins, Heidi R. Beavan, Melissa Corum, Billie J. Miller, Jennifer Drumm, Sean M. Lockwood, and Rachel C. Simpkins | ||
| 260 | _bJanetti Publications Inc. | ||
| 260 | _c2016 | ||
| 300 | _aNovember/December 2016 | ||
| 440 |
_aMedsurg Nursing _v25:6 |
||
| 999 |
_c329545 _d329545 |
||